| 000 | 00536cam a2200205ua 4500 | ||
|---|---|---|---|
| 020 | _cRs 2.50 | ||
| 041 |
_aeng _h |
||
| 082 |
_a700 _bDAS/FU |
||
| 100 | _aDasgupta, S N . | ||
| 245 |
_aFundamentals of Indian art / _cS N Dasgupta. _hTextual Documents |
||
| 260 |
_aMumbai : _bBharatiya Vidya Bhavan , _c1960. |
||
| 300 | _a132 ; . | ||
| 365 | _aRs 2.50 | ||
| 440 | 0 |
_aBhavan`s Book University, _v _x; |
|
| 490 | 0 |
_aBhavan`s Book University, _v _x; |
|
| 504 | _a | ||
| 650 | _aArt | ||
| 942 | _cBK | ||
| 999 |
_c1110 _d1110 |
||